| 000 | 00418nam a22001577a 4500 | ||
|---|---|---|---|
| 005 | 20200225114956.0 | ||
| 008 | 200225b xxu||||| |||| 00| 0 eng d | ||
| 020 | _a81-239-0902-0 | ||
| 041 | _aeng | ||
| 100 |
_aCARTER, S.J _95118 |
||
| 245 | _aDISPENSING FOR PHARMACEUTICAL STUDENTS | ||
| 250 | _a12th , Ed.1975 | ||
| 260 |
_aNEW DELHI _bCBS PUBLISHERS & DISTRIBUTORS PVT .LTD _c1975 |
||
| 300 | _a759p, | ||
| 942 | _cBK | ||
| 999 |
_c6024 _d6022 |
||